<?xml version="1.0" encoding="UTF-8"?>
<marc:record xmlns:marc="http://www.loc.gov/MARC21/slim">
   <marc:leader>00000nam a2200000 a 4500</marc:leader>
   <marc:datafield ind1="1" ind2=" " tag="100">
      <marc:subfield code="a">Kinney, Jeff</marc:subfield>
      <marc:subfield code="4">aut</marc:subfield>
      <marc:subfield code="e">Verfasser/-in</marc:subfield>
   </marc:datafield>
   <marc:datafield ind1=" " ind2=" " tag="653">
      <marc:subfield code="a">USA</marc:subfield>
   </marc:datafield>
   <marc:datafield ind1=" " ind2=" " tag="653">
      <marc:subfield code="a">männliche Jugend</marc:subfield>
   </marc:datafield>
   <marc:datafield ind1=" " ind2=" " tag="653">
      <marc:subfield code="a">Humor</marc:subfield>
   </marc:datafield>
   <marc:datafield ind1=" " ind2=" " tag="653">
      <marc:subfield code="a">Computer</marc:subfield>
   </marc:datafield>
   <marc:datafield ind1=" " ind2=" " tag="653">
      <marc:subfield code="a">Ferienlager</marc:subfield>
   </marc:datafield>
   <marc:datafield ind1="0" ind2="0" tag="245">
      <marc:subfield code="a">Gregs Tagebuch 12</marc:subfield>
   </marc:datafield>
   <marc:datafield ind1="0" ind2="0" tag="245">
      <marc:subfield code="b">ein Comic-Roman ab 10 Jahren; Bd. 12</marc:subfield>
   </marc:datafield>
   <marc:datafield ind1=" " ind2="1" tag="264">
      <marc:subfield code="b">Baumhaus-Verl.</marc:subfield>
      <marc:subfield code="c">2017</marc:subfield>
   </marc:datafield>
   <marc:datafield ind1="1" ind2=" " tag="520">
      <marc:subfield code="a">Klappentext  Sein erster selbst gedrehter Horrorfilm mit Rupert und ein paar Gummiwürmern in den Hauptrollen ist kaum im Kasten, da bahnt sich für Greg schon ein neues Abenteuer an. Und auch diesmal heißt es: Angriff auf die Lachmuskeln garantiert. Denn Familie Heffley fliegt in den Urlaub! Doch was zuerst wie entspannte Ferien klingt, wird am Ende ganz schön chaotisch und turbulent. Typisch Greg eben!  Gregs Tagebuch ist eine der erfolgreichsten Kinderbuchreihen der Welt. Die humorvollen Comics um Greg Heffley besitzen mittlerweile Kultstatus.  Autoren-Porträt von Jeff Kinney: Jeff Kinney ist Onlinespieleentwickler und -designer. Er ist in Washington, D.C. aufgewachsen und zog 1995 nach Neuengland. Er lebt mit seiner Frau Julie und seinen zwei Söhnen Will und Grant im Süden von Massachusetts.</marc:subfield>
   </marc:datafield>
   <marc:datafield ind1=" " ind2=" " tag="020">
      <marc:subfield code="a">9783833936562</marc:subfield>
      <marc:subfield code="9">9783833936562</marc:subfield>
   </marc:datafield>
</marc:record>
